♥3/,& ; 0»1 :(!’6%.2♣+ ‘4 ♦?5@9°=¨©7$8 Œ ~ § ÷♠☼€ - Statistiques

Statistiques générales
  • Ce quiz a été pris 22 fois
  • Le résultat moyen est 30 sur 39
Statistiques - réponses
Hint Réponse % Correct
9 Un
95%
19 Apostrophe
90%
1 Cœur
90%
16 Deux
90%
31 Dollar
90%
27 Egal
90%
39 Euro
90%
32 Huit
90%
18 Plus
90%
15 Point
90%
12 Point d'exclamation
90%
22 Point d'interrogation
90%
30 Sept
90%
38 Soleil
90%
17 Trèfle
90%
2 Trois
90%
4 Virgule
90%
24 Arobas
86%
23 Cinq
86%
37 Pique
86%
7 Zéro
86%
21 Carreau
81%
25 Neuf
81%
14 Pourcentage
81%
20 Quatre
81%
13 Six
81%
3 Slash
81%
10 Deux-points
76%
36 Division
76%
8 Guillemet
76%
6 Point-virgule
76%
26 Degré
71%
11 Parenthèse
71%
29 Copyright
52%
5 Esperluette
52%
28 Tréma
52%
33 E dans l'o
33%
35 Paragraphe
33%
34 Approximativement
5%
Aucun quiz correspondant
Distribution des résultats
% des personnes avec chaque résultat
Percentile par nombre de réponses
Votre historique - résultats
Vous n’avez pas pris ce quiz